Countries 1v1 - Showdown - Statistics

General Stats
  • This quiz has been taken 660 times
  • The average score is 5 of 20
Answer Stats
Criteria Country #1 Country #2 Winning Country % Correct
Population Germany (84 mil) United Kingdom (70 mil) Germany
99%
Area Australia (7,741,220 Sq. Km.) Brazil (8,510,346 Sq. Km.) Brazil
93%
Population Density Japan (326/Sq. Km.) Pakistan (302/Sq. Km.) Japan
90%
Human Development Index Philippines (0.710) Uzbekistan (0.727) Uzbekistan
70%
GDP per capita Kenya (USD 2,218) Tanzania (USD 1,224) Kenya
58%
Length of Coastline Finland (4190 km) Mozambique (3849 km) Finland
46%
% of Arable Land Russia (7.3%) South Africa (9.9%) South Africa
29%
Export Value Portugal (USD 105,648 mil) Slovakia (USD 114,157 mil) Slovakia
12%
Highest Point Ecuador (6267 m) Peru (6768 m) Peru
9%
Number of Skyscraper (150 m+) Mexico (53 skyscrapers) Qatar (55 skyscrapers) Qatar
9%
Length of High Speed Rail Network South Korea (887 km) Turkey (919 km) Turkey
3%
Oil Production Azerbaijan (601,000 barrels) Egypt (559,000 barrels) Azerbaijan
2%
Obesity Rate Denmark (14.3%) Singapore (13.54%) Denmark
2%
Islamic Population Iran (82 mil) Nigeria (96 mil) Nigeria
2%
Number of Mt. Everest Climber China (544 Climbers) United States (783 Climbers) United States
2%
Number of Millionaires Chile (81,274 people) Kazakhstan (44,307 people) Chile
1%
Number of Islands Croatia (1,246 islands) Malaysia (878 islands) Croatia
1%
Number of Nobel Laureates Hungary (18 Lauretes) Israel (13 Laureates) Hungary
1%
Average Annual Precipitation Guatemala (1,996 mm/year) Nicaragua (2,280 mm/year) Nicaragua
1%
Medals in Summer Olympics Uganda (13 medals) Zimbabwe (8 medals) Uganda
0%
No matching quizzes found
Score Distribution
Percent of People with Each Score
Percentile by Number Answered
Your Score History
You have not taken this quiz